A beteg önrendelkezési joga az AI Act szabályozásának tükrében
With the rapid spread of artificial intelligence, there are a growing number of legal theory and legal practice issues in economic and public service areas, including healthcare. In my study, I examine the impact of AI on informed consent and the related patient's self-determination at the inte...
Elmentve itt :
| Szerző: | |
|---|---|
| Dokumentumtípus: | Cikk |
| Megjelent: |
2025
|
| Sorozat: | MAGYAR JOG
72 No. 12 |
| Tárgyszavak: | |
| doi: | 10.59851/mj.72.12.2 |
| mtmt: | 36901301 |
| Online Access: | http://publicatio.bibl.u-szeged.hu/38963 |
| LEADER | 01101nab a2200217 i 4500 | ||
|---|---|---|---|
| 001 | publ38963 | ||
| 005 | 20260204105948.0 | ||
| 008 | 260204s2025 hu o 000 hun d | ||
| 022 | |a 0025-0147 | ||
| 024 | 7 | |a 10.59851/mj.72.12.2 |2 doi | |
| 024 | 7 | |a 36901301 |2 mtmt | |
| 040 | |a SZTE Publicatio Repozitórium |b hun | ||
| 041 | |a hun | ||
| 100 | 1 | |a Barzó Lilla Andrea | |
| 245 | 1 | 2 | |a A beteg önrendelkezési joga az AI Act szabályozásának tükrében |h [elektronikus dokumentum] / |c Barzó Lilla Andrea |
| 260 | |c 2025 | ||
| 300 | |a 741-743 | ||
| 490 | 0 | |a MAGYAR JOG |v 72 No. 12 | |
| 520 | 3 | |a With the rapid spread of artificial intelligence, there are a growing number of legal theory and legal practice issues in economic and public service areas, including healthcare. In my study, I examine the impact of AI on informed consent and the related patient's self-determination at the international level. The focus of my study is the rules of the AI Act, which is gradually coming into force. | |
| 650 | 4 | |a Jogtudomány | |
| 856 | 4 | 0 | |u http://publicatio.bibl.u-szeged.hu/38963/1/Magar_jog_Barzo.pdf |z Dokumentum-elérés |